Spoločenská zodpovednosť organizácií - Corporate Social Responsibility študijné texty

Salvato in:
Dettagli Bibliografici
Autore principale: Porvazník, Ján
Enti autori: Fakulta podnikového manažmentu EU. Katedra manažmentu, Centrum ďalšieho vzdelávania Ekonomickej univerzity v Bratislave
Altri autori: Majdúchová, Helena, 1963-, Paulová, Iveta
Natura: Libro
Lingua:slovacco
Pubblicazione: Bratislava Vydavateľstvo EKONÓM 2008
Soggetti:
Tags: Aggiungi Tag
Nessun Tag, puoi essere il primo ad aggiungerne!!

MARC

LEADER 00000nam$a2200000$$$4500
001 0085614
005 20240502071956.0
020 |a 978-80-225-2622-7 
041 0 |a slo 
044 |a SK 
245 1 0 |a Spoločenská zodpovednosť organizácií - Corporate Social Responsibility  |b študijné texty  |c Ján Porvazník 
264 1 |a Bratislava  |b Vydavateľstvo EKONÓM  |c 2008 
300 |a 83 s. 
610 2 0 |a zodpovednosť spoločenská 
610 2 0 |a organizácie 
610 2 0 |a manažment 
100 1 |a Porvazník, Ján 
700 1 |a Majdúchová, Helena, 1963- 
700 1 |a Paulová, Iveta 
710 2 |a Fakulta podnikového manažmentu EU. Katedra manažmentu 
710 2 |a Centrum ďalšieho vzdelávania Ekonomickej univerzity v Bratislave